000 00454cam a2200181 4500
001 D8543
008 090401t1981 xxu||||| |||| 00| 0 eng d
035 _a(Sirsi) u13640
041 _aeng
050 _a526.33
100 _aSchmitz, Michael J
245 _aSurveying computations: mastery or mystery
260 _aRancho Cordova, CA
_bLandmark Enterprise
_c1981
300 _a184p. ill. 28cm
350 _a10.5
942 _n0
948 _c04/03/1997
999 _c87122
_d87122